000 00688nas a2200229 4500
001 BR9212328
003 BR-BrBNA
005 20231205095225.0
007 ta
008 230509b bl.|||p| |||| 00| 00por d
040 _aBR-BrBNA
_bpor
_cBiblioteca Nacional de Agricultura
041 _a(Pt)
072 _aE12; E21
100 1 _aSouza, E.C. de
245 1 _aEm busca do tempo futuro
650 _aCapital
650 _aPolitica Industrial
650 _aInflacao
773 0 _tIndicadores Economicos - Fundacao de Economia e Estatistica (Brazil)
_xISSN 0102-020X
_g(Apr-Jun 1991), v. 19(2) p. 167-183
_wBR9212328
909 _a202311
_bLúcia
_c55
_dLúcia Elande
942 _2AGRIS
_n0
_cANA
999 _c149431
_d149431